LEADER 01362nam--2200409---450- 001 990000845580203316 005 20090715152150.0 010 $a88-14-09039-4 035 $a0084558 035 $aUSA010084558 035 $a(ALEPH)000084558USA01 035 $a0084558 100 $a20020107d2001----km-y0itay0103----ba 101 $aita 102 $aIT 105 $a||||||||001yy 200 1 $aAdozione e affidamento dei minori$ecommento alla nuova disciplina (l.28 marzo 2001, n.149 e d.l. 24 aprile 2001, n.150)$fAlfio Finocchiaro, Mario Finocchiaro 210 $aMilano$cGiuffrè$dcopyr. 2001 215 $aXI, 176 p.$d23 cm 225 2 $aQuaderni di diritto e giustizia 606 $aAdozione$xLegislazione 606 $aAffidamento familiare$xLegislazione 676 $a346.450178 700 1$aFINOCCHIARO,$bAlfio$028898 701 1$aFINOCCHIARO,$bMario$028899 801 0$aIT$bsalbc$gISBD 912 $a990000845580203316 951 $aXXV.1.L 243 (IG I 1778)$b30963 G.$cXXV.1.L 243 (IG I)$d00077118 959 $aBK 969 $aGIU 979 $aANGELA$b90$c20020107$lUSA01$h1021 979 $aANGELA$b90$c20020107$lUSA01$h1023 979 $c20020403$lUSA01$h1730 979 $aPATRY$b90$c20040406$lUSA01$h1658 979 $aRSIAV2$b90$c20090715$lUSA01$h1521 996 $aAdozione e affidamento dei minori$9968176 997 $aUNISA LEADER 01589nam 2200421Ia 450 001 996386021203316 005 20200824132126.0 035 $a(CKB)4940000000080286 035 $a(EEBO)2240867020 035 $a(OCoLC)ocm13166614e 035 $a(OCoLC)13166614 035 $a(EXLCZ)994940000000080286 100 $a19860218d1697 uy | 101 0 $aeng 135 $aurbn||||a|bb| 200 13$aAn enquiry into the right use and abuses of the hot, cold, and temperate baths in England ..$b[electronic resource] $eto this is added I. an extract of Dr. Jones's treaty on Buxton-Bath ..., II. a letter from Dr. Clayton ... concerning the use of St. Mungus-Well, III. an abstract of some cures perform'd by the bath at Buxton /$fby Sir John Floyer, Kt. .. 210 $aLondon $cPrinted for R. Clavel ...$d1697 215 $a[71], 144 p 300 $aAdvertisements: p. [71]. 300 $aReproduction of original in Bodleian Library. 330 $aeebo-0014 606 $aBaths$zEngland 606 $aBaths$zEngland$zBuxton (Derbyshire) 606 $aBaths$xTherapeutic use$vEarly works to 1800 606 $aPerspiration$vEarly works to 1800 615 0$aBaths 615 0$aBaths 615 0$aBaths$xTherapeutic use 615 0$aPerspiration 700 $aFloyer$b John$cSir,$f1649-1734.$01001053 801 0$bEAA 801 1$bEAA 801 2$bm/c 801 2$bWaOLN 906 $aBOOK 912 $a996386021203316 996 $aAn enquiry into the right use and abuses of the hot, cold, and temperate baths in England .$92370310 997 $aUNISA LEADER 01604oam 2200421zu 450 001 9910142052503321 005 20210807000259.0 010 $a0-7381-1762-5 035 $a(CKB)1000000000035771 035 $a(SSID)ssj0000996494 035 $a(PQKBManifestationID)12376315 035 $a(PQKBTitleCode)TC0000996494 035 $a(PQKBWorkID)10988020 035 $a(PQKB)10503339 035 $a(NjHacI)991000000000035771 035 $a(EXLCZ)991000000000035771 100 $a20160829d1999 uy 101 0 $aeng 135 $aur||||||||||| 181 $ctxt 182 $cc 183 $acr 200 00$a1999 IEEE Guide for the Application of Insulation Coordination 210 31$a[Place of publication not identified]$cIEEE$d1999 215 $a1 online resource (v, 60 pages) 300 $aBibliographic Level Mode of Issuance: Monograph 311 $a0-7381-1761-7 330 $aThe calculation method for selection of phase-to-ground and phase-to-phase insulation withstand voltages for equipment is presented. This guide gives methods for insulation coordination of different air-insulated systems lide transmission lines and substations. the methods of analysis are illustrated by practical examples. 606 $aElectric insulators and insulation 606 $aShielding (Electricity) 615 0$aElectric insulators and insulation. 615 0$aShielding (Electricity) 676 $a621.31937 801 0$bPQKB 906 $aDOCUMENT 912 $a9910142052503321 996 $a1999 IEEE Guide for the Application of Insulation Coordination$92574777 997 $aUNINA